[Dialogismos], sive Glossarium juris sermonesque socratici, rerum sane variarum, (Registro nro. 69279)
[ vista simple ]
| 000 -ENCABEZADO | |
|---|---|
| Número de control [NR] | 02357nam a22003257a 4500 |
| 005 - FECHA Y HORA DE LA ÚLTIMA TRANSACCIÓN | |
| control field | 20180125124000.0 |
| 008 - DE LONGITUD FIJA DE DATOS DE ELEMENTOS - INFORMACIÓN GENERAL | |
| Elementos de longitud fija [NR] | 130419s1572||||it ||||gr|||||001|0|lat d |
| 040 ## - FUENTE DE CATALOGACION [NR] | |
| Quien Cataloga | Sandra Yazo (modificó) |
| Quien Clasifica | Sandra Yazo (modificó) |
| Idioma de catalogación [NR] | spa |
| 041 0# - CODIGO DE IDIOMA [R] | |
| Código de idioma para texto/pista de sonido o título separado [R] | Latín |
| 082 04 - NUMERO DE CLASIFICACION DECIMAL DEWEY [R] | |
| Número de clasificación [R] | 340.56 |
| Número de la edición [NR] | 20 |
| 092 ## - SIGNATURA TOPOGRAFICA LOCAL | |
| Número de clasificación local | E04N054 |
| 100 1# - ASIENTO PRINCIPAL--NOMBRE PERSONAL [NR] | |
| Nombre personal [NR] | Mantova Benavides, Marco |
| Fechas asociadas con el nombre [NR] | 1489-1582 |
| ID Autoridad | 35637 |
| 242 00 - TRADUCCION DEL TITULO POR LA AGENCIA CATALOGADORA [R] | |
| Título [NR] | [Dialogismos] Glosario del Derecho o Diálogos socráticos sobre temas varios ... |
| Mención de responsabilidad, etc. [NR] | Marco Mantova Benavides |
| Código de idioma del título traducido [NR] | spa |
| 245 11 - MENCION DE TITULO [NR] | |
| Título [NR] | [Dialogismos], sive Glossarium juris sermonesque socratici, rerum sane variarum, |
| Mención de responsabilidad, etc. [NR] | Mantuae Patavini Iur. C. |
| 250 ## - MENCION DE EDICION [NR] | |
| Mención de edición [NR] | Nunc primum in studiosorum adolescentium gratiam editi [Se publica por primera vez, pensando en los jóvenes estudiantes] |
| 260 ## - PUBLICACION, DISTRIBUCION, ETC. (PIE DE IMPRENTA) [R] | |
| Lugar de publicación, distribución, etc. [R] | Venetiis [Venecia] (Italia) |
| Nombre del editor, distribuidor, etc. [R] | Apud Christophorum Zanettum [En los talleres de Cristóbal Zanetti] |
| Fecha de publicación, distribución, etc. [R] | 1572 |
| 300 ## - DESCRIPCION FISICA [R] | |
| Extensión [R] | [46], 505, [1] páginas |
| Dimensiones [R] | 29 x 21 cm. |
| 500 ## - NOTA GENERAL [R] | |
| Nota general [NR] | Detalles físicos: Encuadernación flexible en pergamino, en regular estado de conservación, pergamino manchado, arrugado y roto en tapa posterior. Conserva parcialmente las guardas. Portada impresa en una sola tinta. Con la marca tipográfica del editor. Dedicatoria. Cenefas. Mayúsculas capitales. Primer índice. Palabras al lector. Texto impreso en dos columnas con varios tipos y tamaños de letra. Sumarios. Párrafos numerados. Signaturas y reclamos. Al final colofón, registro de cuadernillos y repite la marca tipográfica del editor. Fe de erratas. Papel con gran deterioro en borde vertical que afecta el texto, presencia de hongos. Empieza a desencuadernarse. Nota de desinfección AGN 05 – Sep - 2007 y 22 - ene - 2018 |
| 500 ## - NOTA GENERAL [R] | |
| Nota general [NR] | Primera palabra en caracteres griegos |
| 505 2# - NOTA DE CONTENIDO CON FORMATO PREESTABLECIDO [R] | |
| Nota de contenido con formato preestablecido [NR] | Diálogos de Mantua ; Heterología: Cinco "lecciones" sobre temas diversos de ambos derechos -- Denarratio: Diecinueve "lecciones" sobre temas diversos de ambos derechos |
| 506 ## - NOTA DE RESTRICCIONES DE ACCESO [R] | |
| Condiciones de acceso [NR] | Consulta en sala |
| 546 ## - NOTA DE IDIOMA [R] | |
| Nota de idioma [NR] | Texto en latín |
| 650 #7 - ASIENTO SECUNDARIO DE MATERIA - TERMINO TEMATICO [R] | |
| Término temático o nombre geográfico como elemento de entrada [NR] | Derecho civil |
| Subdivisión general [R] | Obras anteriores a 1800 |
| 9 (RLIN) | 29560 |
| 650 #7 - ASIENTO SECUNDARIO DE MATERIA - TERMINO TEMATICO [R] | |
| Término temático o nombre geográfico como elemento de entrada [NR] | Derecho eclesiástico |
| Subdivisión general [R] | Obras anteriores a 1800 |
| 9 (RLIN) | 29561 |
| 650 #7 - ASIENTO SECUNDARIO DE MATERIA - TERMINO TEMATICO [R] | |
| Término temático o nombre geográfico como elemento de entrada [NR] | Conceptos |
| Subdivisión general [R] | Derecho |
| 9 (RLIN) | 11443 |
| 653 ## - TERMINO DE INDIZACION - NO CONTROLADO [R] | |
| Término de indización no controlado [R] | Ambos derechos |
| 690 ## - ASUNTO AGREGADO LOCAL DE ENTRADA - TÉRMINO TEMÁTICO (OCLC, RLIN) | |
| Acceso temático local | Derecho |
| 9 (RLIN) | 7494 |
| 856 8# - LOCALIZACION Y ACCESO ELECTRONICOS [R] | |
| Identificador Uniforme del Recurso (“URI”) [R] | <a href="http://reader.digitale-sammlungen.de/resolve/display/bsb11200705.html">http://reader.digitale-sammlungen.de/resolve/display/bsb11200705.html</a> |
| Nota dirigida al público [R] | Disponible en línea |
| 942 ## - ELEMENTOS DE ENTRADA AGREGADOS (KOHA) | |
| Tipo de ítem principal el descrito en 300a | Libro |
| Edición | 1 |
| Tema principal | 8 |
| Sistema de clasificación | LOCAL |
| Clasificación | E04N054 |
| Suprimido | Perdido | Sistema de clasificación | Dañado | No prestable | Tipo de ítem específico | Ubicación habitual | Ubicación actual | Localización | Fecha de creación | Forma de adquisición | Costo | Total préstamos | Signatura topográfica | Código de barras | Última vez visto | Ejemplar | Price effective from | Tipo de ítem |
|---|---|---|---|---|---|---|---|---|---|---|---|---|---|---|---|---|---|---|
| LOCAL | Libro archivo | Archivo Histórico | Archivo Histórico | Archivo histórico | 15/04/2013 | Donación | 0.00 | E04N054 | L000655 | 15/12/2012 | Ej.1 | 03/02/2013 | Libro |